Представление документа в формате MARC21

Поле Инд. ПП Название Значение
Тип записи a
Библиографический уровень m
001 Контрольный номер 363303e0-cc24-406f-98b0-e0ea7989e64b
005 Дата корректировки 20230421123145.2
008 Кодируемые данные 041126
020 a ISBN 5-7598-0270-4
040 a Служба первич. каталог. НБ ТвГУ
041 0_ a Код языка текста rus
080 a Индекс УДК 316.354:351/354:303.4(075.8)
a Индекс УДК 338.24.01:303.4(075.8)
084 a Индекс другой классификации/Индекс ББК С84в6я73-1
a Индекс другой классификации/Индекс ББК У050.21в6я73-1
090 x Авторский знак М19
a Полочн. индекс С84в6
100 1_ a Автор Малин Анатолий Сергеевич
245 10 a Заглавие Исследование систем управления
b Продолж. заглавия учеб. для студентов вузов
c Ответственность А. С. Малин, В. И. Мухин ; Гос. ун-т, Высш. шк. экономики
250 a Основные сведения об издании 2-е изд.
260 0_ a Место издания Москва
b Издательство ГУ ВШЭ
c Дата издания 2004
300 a Объем 397,[2] с.
b Иллюстрации/ тип воспроизводства табл.
504 a Библиография Библиогр. в конце кн.
650 04 a Основная рубрика Системы управления
x Основная подрубрика Методы исследования
x Основная подрубрика Учебники для вузов
650 04 a Основная рубрика Системы социального управления
x Основная подрубрика Анализ
x Основная подрубрика Синтез
650 04 a Основная рубрика Управление
653 0_ a Ключевые слова Системы управления
a Ключевые слова Системы социального управления
a Ключевые слова Управление
a Ключевые слова Исследование систем управления
a Ключевые слова Методы исследования
a Ключевые слова Анализ систем управления
a Ключевые слова Синтез систем управления
a Ключевые слова Экспертные оценки
700 1_ a Другие авторы Мухин Владимир Иванович
e Роль лиц авт.
852 41 i Расстановочный признак Проверка 2023
920 a Оператор Хохл
930 a Новая/Ретро учебники
952 c Вид литературы К ру
954 a Дата поступления на обработку 20041222
e Дата перешифровки 20230421